[Event "Begonia op 54th"]
[Site "Ballarat"]
[Date "2020.03.09"]
[Round "6"]
[White "Milojevic, Miodrag M"]
[Black "McClymont, Brodie"]
[Result "0-1"]
[WhiteElo "1922"]
[BlackElo "2410"]
[PlyCount "60"]
[EventDate "2020.03.07"]
[EventType "swiss"]
[EventRounds "7"]
[EventCountry "AUS"]
[SourceTitle "CBM 195 Extra"]
[Source "ChessBase"]
[SourceDate "2020.05.31"]
[SourceVersion "1"]
[SourceVersionDate "2020.05.31"]
[SourceQuality "1"]

1. e4 c5 2. Nf3 d6 3. d4 cxd4 4. Qxd4 Nc6 5. Bb5 Bd7 6. Bxc6 Bxc6 7. Nc3 e5 8. Qd3 h6 9. Be3 Nf6 10. h3 Be7 11. g4 b5 12. g5 hxg5 13. Bxg5 b4 14. Nd5 Nxd5 15. exd5 Bd7 16. Bxe7 Qxe7 17. 0-0-0 Rc8 18. Nd2 Rh4 19. Kb1 Rd4 20. Qh7 Qh4 21. Qxg7 Bf5 22. Ka1 Rxc2 23. Qg8+ Ke7 24. Nf3 Rxd1+ 25. Rxd1 Qf4 26. Qg5+ Qxg5 27. Nxg5 Rxf2 28. Rh1 f6 29. Ne6 Bxe6 30. dxe6 e4 0-1

[Event "Doeberl Cup 53rd"]
[Site "Canberra"]
[Date "2015.04.02"]
[Round "2"]
[White "Bjelobrk, Igor"]
[Black "Milojevic, Miodrag M"]
[Result "1-0"]
[WhiteElo "2366"]
[BlackElo "1953"]
[PlyCount "120"]
[EventDate "2015.04.02"]
[EventType "swiss"]
[EventRounds "9"]
[EventCountry "AUS"]
[SourceTitle "EXT 2018"]
[Source "ChessBase"]
[SourceDate "2017.10.13"]
[SourceVersion "1"]
[SourceVersionDate "2017.10.13"]
[SourceQuality "1"]

1. Nf3 Nf6 2. c4 d5 3. cxd5 Nxd5 4. e4 Nb6 5. d4 Bg4 6. Be2 e6 7. Be3 Bb4+ 8. Nc3 0-0 9. Qb3 a5 10. 0-0 Nc6 11. a3 a4 12. Qc2 Be7 13. Rfd1 Bxf3 14. gxf3 Qc8 15. Rac1 e5 16. dxe5 Nxe5 17. f4 Ng6 18. f5 Ne5 19. Nb5 Nc6 20. Nd4 Nxd4 21. Bxd4 Bg5 22. Qxc7 Bxc1 23. Rxc1 Nd7 24. e5 Re8 25. Bb5 Qxc7 26. Rxc7 Nxe5 27. Bxe8 Nf3+ 28. Kg2 Nxd4 29. Bxa4 b5 30. Rd7 Kf8 31. Rxd4 bxa4 32. Kf3 Ke7 33. Ke4 Kf6 34. Rb4 Ra6 35. f4 Ke7 36. Rb7+ Kf6 37. Rb4 Ke7 38. Kd5 Ra5+ 39. Kc6 Kf6 40. Rb5 Ra6+ 41. Kb7 Rd6 42. h4 Rd4 43. Rb4 Rd2 44. Rxa4 Rxb2+ 45. Rb4 Ra2 46. a4 Kxf5 47. Kb6 Kg4 48. f5+ Kxf5 49. a5 f6 50. a6 Rxa6+ 51. Kxa6 g5 52. Kb5 g4 53. Kc5 g3 54. Kd5 g2 55. Rb1 Kg4 56. Rg1 Kg3 57. Ke6 Kf2 58. Ra1 g1Q 59. Rxg1 Kxg1 60. Kxf6 Kg2 1-0

[Event "Belgrade tt Cup"]
[Site "Belgrade"]
[Date "2010.04.15"]
[Round "2.7"]
[White "Milojevic, Miodrag M"]
[Black "Tasic, Zoran T"]
[Result "0-1"]
[WhiteElo "2063"]
[BlackElo "2195"]
[PlyCount "128"]
[EventDate "2010.04.14"]
[EventType "team-tourn"]
[EventRounds "5"]
[EventCountry "SRB"]
[SourceTitle "EXT 2012"]
[Source "ChessBase"]
[SourceDate "2011.11.24"]
[SourceVersion "1"]
[SourceVersionDate "2011.11.24"]
[SourceQuality "1"]

1. e4 e6 2. d4 d5 3. Nc3 Bb4 4. e5 Ne7 5. a3 Bxc3+ 6. bxc3 c5 7. Bb5+ Bd7 8. Bxd7+ Nxd7 9. Ne2 Qc7 10. 0-0 Rc8 11. Ra2 Ng6 12. a4 Nb6 13. f4 Ne7 14. dxc5 Qxc5+ 15. Kh1 Nc4 16. Nd4 g6 17. Nb3 Qc7 18. Nd4 a6 19. Qd3 Qc5 20. Nb3 Qa7 21. Ba3 Nf5 22. Re1 h5 23. Nd4 h4 24. a5 Nxa5 25. Bb4 Nc4 26. Rb1 Kd7 27. Rb3 Rc7 28. h3 Ng3+ 29. Kh2 Rhc8 30. Ra1 Qb8 31. Bd6 Nxd6 32. exd6 Rc4 33. Nf3 Qxd6 34. Ne5+ Ke8 35. Nxc4 Rxc4 36. Rxb7 Kf8 37. Qe3 Rxf4 38. Rb6 Qc7 39. Rc6 Qxc6 40. Qxf4 Nf5 41. Rb1 Qxc3 42. Qb4+ Qxb4 43. Rxb4 Ne3 44. c3 Nc4 45. Kg1 Kg7 46. Kf2 Kf6 47. Rb1 a5 48. Rb7 a4 49. Ra7 a3 50. Kf3 g5 51. g4 hxg3 52. Kxg3 Kg6 53. Ra6 Kf5 54. Kf3 f6 55. Ke2 Ke5 56. Kf3 f5 57. Kg3 f4+ 58. Kg4 Kf6 59. Ra8 Ne5+ 60. Kh5 f3 61. Rxa3 f2 62. Ra1 Kf5 63. Rd1 Nd3 64. Rf1 e5 0-1

[Event "Belgrade Trophy 20th"]
[Site "Belgrade"]
[Date "2007.11.26"]
[Round "5"]
[White "Dedic, Slavko"]
[Black "Milojevic, Miodrag M"]
[Result "1/2-1/2"]
[WhiteElo "1951"]
[BlackElo "2097"]
[PlyCount "51"]
[EventDate "2007.11.22"]
[EventType "swiss"]
[EventRounds "9"]
[EventCountry "YUG"]
[SourceTitle "CBM 121 Extra"]
[Source "ChessBase"]
[SourceDate "2008.01.10"]
[SourceVersion "1"]
[SourceVersionDate "2008.01.10"]
[SourceQuality "1"]

1. c4 Nf6 2. d4 d5 3. e3 c6 4. Bd3 Qd6 5. c5 Qc7 6. f4 b6 7. b4 a5 8. Qa4 b5 9. Qb3 Ne4 10. Nf3 g6 11. Bxe4 dxe4 12. Ng5 e6 13. Nxe4 Bg7 14. Nd6+ Ke7 15. Nxc8+ Rxc8 16. Bb2 Kf8 17. a3 Nd7 18. 0-0 Nf6 19. Nc3 Rd8 20. Qc2 Ng4 21. Qe2 Nxe3 22. Nxb5 cxb5 23. Qxe3 a4 24. Rf2 Rd5 25. Kh1 Rad8 26. Qe2 1/2-1/2

[Event "Belgrade Trophy 20th"]
[Site "Belgrade"]
[Date "2007.11.25"]
[Round "4"]
[White "Milojevic, Miodrag M"]
[Black "Mitric, Nebojsa"]
[Result "1/2-1/2"]
[WhiteElo "2097"]
[BlackElo "1930"]
[PlyCount "50"]
[EventDate "2007.11.22"]
[EventType "swiss"]
[EventRounds "9"]
[EventCountry "YUG"]
[SourceTitle "CBM 121 Extra"]
[Source "ChessBase"]
[SourceDate "2008.01.10"]
[SourceVersion "1"]
[SourceVersionDate "2008.01.10"]
[SourceQuality "1"]

1. Nf3 d5 2. d4 e6 3. c4 c6 4. Nc3 Nf6 5. e3 Bb4 6. Qc2 Ne4 7. Bd3 f5 8. Bd2 Nxd2 9. Nxd2 Qg5 10. 0-0 0-0 11. a3 Bxc3 12. Qxc3 Nd7 13. c5 Nf6 14. f4 Qh4 15. Rf3 Ng4 16. Nf1 Bd7 17. Qd2 Rae8 18. Rh3 Qe7 19. Rg3 h5 20. Rh3 g6 21. Qe1 Rf7 22. Nd2 Ref8 23. Nf3 Rg7 24. Ng5 Nf6 25. Rg3 Nh7 1/2-1/2